000 00683nam a2200217 u 4500
005 20241203063742.0
008 110923s2003 r 000 0 eng d
020 _a8466725571
035 _aUPN01000181908
049 _aI
050 4 _aPZ76.3
_bM8.7
100 1 _aMuñoz Puelles, Vicente,
_d1948-
_932146
245 1 0 _aRicardo y el dinosaurio rojo /
_cVicente Muñoz Puelles : il. de Noemí Villamuza.
260 _aMadrid :
_bAnaya,
_c2003.
300 _a58 p. :
_bil. col.
440 0 _aSopa de libros ;
_v87.
_pA partir de 6 años
650 4 _aDinosaurios
_vLiteratura infantil
_99370
650 0 _aRelación padres-hijos
_91359
905 _aInfantil
999 _c154011
_d154011